000 01391nam a2200313 a 4500
001 000007972
005 20240307073944.0
008 090914s2003 dr a 000 0 spa d
020 _a9993461539
040 _aDO-SdBNP
_bspa
_cBNPHU
082 _a841.09
_bJ61L
100 1 _aJiménez, Miguel Antonio,
_d1955-
_921801
245 1 3 _aEl laberinto terrestre conferencias sobre poesía francesa :
_bpoesía y modernidad /
_cMiguel Antonio Jiménez.
260 _aSanto Domingo, :
_bUASD,
_c2003.
300 _a196 p. :
_bil. ;
_c22 cm.
490 1 _aHorizonte I / Taller Literario César Vallejo ;
_v4
500 _aEn la portada: " En el XXIV aniversario del taller literario César Vallejo."
500 _aIncluye datos biográficos del autor en la solapa de la cubierta.
504 _aBibliografía: 189-196
590 _aInventariado, 2018/ YL
650 4 _aPoesía francesa
_xHistoria y crítica
_ySIGLO XIX
_921802
650 4 _aPoetas franceses
_xHistoria y crítica
_ySIGLO XIX
_921803
650 4 _aPoesía francesa
_xHistoria y crítica
_ySIGLO XX
_921804
650 4 _aPoetas franceses
_xHistoria y crítica
_ySIGLO XX
_921805
650 4 _aLiteratura francesa
_xHistoria y crítica
_ySIGLO XIX
_921806
710 1 _aUniversidad Autónoma de Santo Domingo
_972951
830 0 _aHorizonte I / Taller Literario César Vallejo ;
_v4
_921807
910 _aValidado. Control de calidad MMOLINA
999 _c7750
_d7750